000 00995cab a2200265 4500
001 ABS57825
008 090401t1997 xxu||||| |||| 00| 0 eng d
035 _a(Sirsi) u81748
041 _aeng
245 _aNational Trust for Places of Historic Interest or Natural Beauty v Ashbrook and others
260 _c1997
350 _a0
490 _aAll England Law Reports
_v[1997] 4 All ER 76-89(14)
520 _aChD 20 June 1997. Debates whether the National Trust has the power to carry out fencing, walling or similar works on Trust property, by examining the true construction of National Trust Act 1907 s29 and National Trust Act 1971 s23. Held in favour of the National Trust.
650 _aCOMMON LAND
650 _aENCLOSURE
650 _aFENCES
650 _aNATIONAL TRUST ACT 1971
650 _aNATIONAL TRUST ACT 19O7
650 _aNATIONAL TRUST PROPERTIES
650 _aNUISANCE
690 _aPROPERTY LAW AND PRACTICE-CASE LAW
942 _n0
948 _c29/10/1997
999 _c51538
_d51538